000 01528cam a2200133 4500500
005 20251214005414.0
041 _afre
042 _adc
100 1 0 _aPaquin, Stéphane
_eauthor
245 0 0 _aIntroduction à l'économie politique internationale
260 _bArmand Colin,
_c2021.
520 _aL’économie politique internationale (EPI), mêlant science politique, économie et histoire, pose au niveau global une question fondamentale : « Qui gouverne ? » Elle interroge ainsi l’autorité politique et analyse la place des acteurs économiques dans les relations internationales.Cet ouvrage dresse un panorama clair et accessible des outils (théoriques, conceptuels et historiques) et des principaux thèmes de l’EPI : les grandes théories de la mondialisation, les débats sur la puissance et l’hégémonie, et l’organisation de l’autorité politique dans les domaines de la finance et du commerce international.Assorti de nombreux exemples, il permet d’éclairer les grandes questions contemporaines : quel est l’impact de l’expansion de la Chine sur le commerce international et la domination américaine ? Pourquoi la finance internationale est-elle si instable ? Les marchés ont-ils plus de pouvoir que les gouvernements ? La mondialisation est-elle un facteur de paix ? La montée de l’insécurité économique favorise-t-elle les populismes ?
856 4 1 _uhttps://shs.cairn.info/introduction-a-l-economie-politique-internationale--9782200628345?lang=fr&redirect-ssocas=7080
999 _c1568817
_d1568817